000 00904nas a2200301 4500
001 BR2015001309
003 BR-BrBNA
005 20231205125136.0
007 ta
008 230509b bl.|||p| |||| 00| 00por d
040 _aBR-BrBNA
_bpor
_cBiblioteca Nacional de Agricultura
041 _a(En)
072 _aC30; E36
100 1 _aSantos, R.V.M. dos
100 1 _aVieira, H.D.
100 1 _aBorém, F.M.
100 1 _aIsquierdo, E.P.
245 1 _aA decision support to aid the calculation of the cost of the post-harvest processing of coffee
650 _aCAFÉ
650 _aPÓS-COLHEITA
650 _aCUSTO DE PRODUÇÃO
650 _aCOMPUTADOR
650 _aSIMULAÇÃO
650 _aMODELO MATEMÁTICO
773 0 _tCoffee Science (Brazil)
_xISSN 1809-6875
_g(Oct-Dec 2013), v. 8(4) p.439-449
_wBR2015001309
909 _a202311
_bLúcia
_c55
_dLúcia Elande
942 _2AGRIS
_n0
_cANA
999 _c242873
_d242873